<?xml version="1.0" encoding="UTF-8"?>
<record
    xmlns:xsi="http://www.w3.org/2001/XMLSchema-instance"
    xsi:schemaLocation="http://www.loc.gov/MARC21/slim http://www.loc.gov/standards/marcxml/schema/MARC21slim.xsd"
    xmlns="http://www.loc.gov/MARC21/slim">

  <leader>03589nam a2200373 i 4500</leader>
  <controlfield tag="001">000020547</controlfield>
  <controlfield tag="003">DO-SdBNP</controlfield>
  <controlfield tag="005">20260518210609.0</controlfield>
  <controlfield tag="008">100810s2016    dr abc  r     001 0 spa d</controlfield>
  <datafield tag="020" ind1=" " ind2=" ">
    <subfield code="a">9789945870527</subfield>
  </datafield>
  <datafield tag="040" ind1=" " ind2=" ">
    <subfield code="a">DO-SdBNP</subfield>
    <subfield code="b">spa</subfield>
    <subfield code="c">BNPHU</subfield>
    <subfield code="d">DO-SdBNP</subfield>
  </datafield>
  <datafield tag="041" ind1="1" ind2="7">
    <subfield code="a">spa</subfield>
    <subfield code="h">eng</subfield>
  </datafield>
  <datafield tag="082" ind1=" " ind2=" ">
    <subfield code="a">338.4971</subfield>
    <subfield code="b">G216a</subfield>
    <subfield code="2">23</subfield>
  </datafield>
  <datafield tag="100" ind1="1" ind2=" ">
    <subfield code="a">Garc&#xED;a Salazar, Gregorio,</subfield>
    <subfield code="d">1959-</subfield>
    <subfield code="9">25127</subfield>
    <subfield code="4">aut.</subfield>
    <subfield code="e">autor</subfield>
  </datafield>
  <datafield tag="245" ind1="1" ind2="0">
    <subfield code="a">Agroecoturismo en la Rep&#xFA;blica Dominicana = Agro-ecoturism in the Dominican Republic /</subfield>
    <subfield code="c">Gregorio Garc&#xED;a Salazar ; traducci&#xF3;n, Yvette M&#xE9;ndez P. ; fotograf&#xED;as: Yuly M&#xE1;rmol C., Greymi Garc&#xED;a Garabito.</subfield>
  </datafield>
  <datafield tag="264" ind1=" " ind2=" ">
    <subfield code="a">Santo Domingo, Rep. Dominicana :</subfield>
    <subfield code="b">Talleres Gr&#xE1;ficos 16,</subfield>
    <subfield code="c">2016</subfield>
  </datafield>
  <datafield tag="300" ind1=" " ind2=" ">
    <subfield code="a">390 p. :</subfield>
    <subfield code="b">ilustraciones, mapas, retratos. ;</subfield>
    <subfield code="c">23 cm</subfield>
  </datafield>
  <datafield tag="336" ind1=" " ind2=" ">
    <subfield code="a">texto</subfield>
    <subfield code="b">txt</subfield>
    <subfield code="2">rdamedia</subfield>
  </datafield>
  <datafield tag="337" ind1=" " ind2=" ">
    <subfield code="a">sin mediaci&#xF3;n</subfield>
    <subfield code="b">n</subfield>
    <subfield code="2">rdamedia</subfield>
  </datafield>
  <datafield tag="338" ind1=" " ind2=" ">
    <subfield code="a">volumen</subfield>
    <subfield code="b">nc</subfield>
    <subfield code="2">rdacarrier</subfield>
  </datafield>
  <datafield tag="500" ind1=" " ind2=" ">
    <subfield code="a">La biblioteca posee 3 ejemplares autografiados por el autor.</subfield>
  </datafield>
  <datafield tag="500" ind1=" " ind2=" ">
    <subfield code="a">edici&#xF3;n en espa&#xF1;ol-ingl&#xE9;s</subfield>
  </datafield>
  <datafield tag="500" ind1=" " ind2=" ">
    <subfield code="a">Agro-ecotourism in the Dominican Republic</subfield>
  </datafield>
  <datafield tag="504" ind1=" " ind2=" ">
    <subfield code="a">Bibliograf&#xED;a : p. 386-390</subfield>
  </datafield>
  <datafield tag="505" ind1="0" ind2=" ">
    <subfield code="a">Introducci&#xF3;n -- Historia y ubicaci&#xF3;n de la Rep&#xFA;blica Dominicana -- S&#xED;ntesis hist&#xF3;rica de la isla Hispaniola -- Geograf&#xED;a y clima de la Rep&#xFA;blica Dominicana -- Idioma, moneda y econom&#xED;a -- Aeropuertos, puertos y transporte terrestres -- Comunicaciones -- Gastronomia -- Rese&#xF1;a hist&#xF3;rica del turismo y el agroecoturismo, -- Origen y expansi&#xF3;n del turismo -- Surgimiento y expansi&#xF3;n del agroecoturismo -- Conceptos de turismo y agroecoturismo -- Contaminaci&#xF3;n ambiental, deforestaci&#xF3;n y cambio clim&#xE1;tico al agroecoturismo -- Contaminaci&#xF3;n ambiental Deforestaci&#xF3;n -- Cambio clim&#xE1;tico -- Agroecosistemas con potencial agroecoturistico, Agroecosistemas -- Cacao. Salud y biodiversidad -- Caf&#xE9;. Grano arom&#xE1;tico -- Cocotero. &#xC1;rbol de la vida -- Arroz. Fuente de carbohidratos -- Ca&#xF1;a de az&#xFA;car. Energizante natural -- Pl&#xE1;tano y guineo. Para&#xED;so -- Yuca. Alimento milenario -- &#xD1;ame. Nutriente delicioso -- Papa. Manjar extraordinario -- Ma&#xED;z. Cereal vivificante -- Jengibre y sus propiedades -- Aguacate. Carne vegetal -- Zapote. Rejuvenecedor -- C&#xED;tricos. Potentes antioxidantes -- Carambola. Prol&#xED;fera y llamativa -- El Cajuil. Afrodis&#xED;aco -- Jagua. Fruta refrescante -- S&#xE1;bila. Regeneradora celular -- &#xC1;rbol del pan. Harina alternativa -- Guan&#xE1;bana. Salvadora de vidas -- Gandul. Leguminosa proteica -- Moringa. Planta milagrosa -- Mango. Exquisitez -- Agroecoturismo y ganader&#xED;a, -- Impacto del agroecoturismo en haciendas ganaderas -- Agroecoturismo de monta&#xF1;a -- Riquezas naturales en &#xE1;reas monta&#xF1;osas -- Desarrollo del agroecoturismo de monta&#xF1;a en la Rep&#xFA;blica Dominicana -- Pico Duarte -- Rol de los ecosistemas en el agroecoturismo, -- Manglar. Mundo viviente -- Parques nacionales y sus encantos -- El impresionante lago Enriquillo -- Balnearios y cascadas -- Lagunas. Tesoros naturales -- Empresas agroecoturisticas en la Rep&#xFA;blica Dominicana, Kah Kow Experience - El Sendero, Rizek Cacao -- El tour del chocolate, bloque Cacaotero No. 3 inc. Consideraciones -- Glosario.</subfield>
  </datafield>
  <datafield tag="590" ind1=" " ind2=" ">
    <subfield code="a">Inventariado, 2020 /LP</subfield>
  </datafield>
  <datafield tag="650" ind1=" " ind2="7">
    <subfield code="2">armarc</subfield>
    <subfield code="a">Turismo ecol&#xF3;gico</subfield>
    <subfield code="z">Rep&#xFA;blica Dominicana</subfield>
    <subfield code="9">6951</subfield>
  </datafield>
  <datafield tag="650" ind1=" " ind2="7">
    <subfield code="2">armarc</subfield>
    <subfield code="a">Agroturismo</subfield>
    <subfield code="z">Rep&#xFA;blica Dominicana</subfield>
    <subfield code="9">89654</subfield>
  </datafield>
  <datafield tag="650" ind1=" " ind2="7">
    <subfield code="2">armarc</subfield>
    <subfield code="a">Turismo sostenible</subfield>
    <subfield code="z">Rep&#xFA;blica Dominicana</subfield>
    <subfield code="9">89655</subfield>
  </datafield>
  <datafield tag="700" ind1="1" ind2=" ">
    <subfield code="a">Yvette M&#xE9;ndez P.</subfield>
    <subfield code="e">traductor</subfield>
    <subfield code="9">43268</subfield>
    <subfield code="4">trad.</subfield>
  </datafield>
  <datafield tag="700" ind1="1" ind2=" ">
    <subfield code="a">M&#xE1;rmol C., Yuly,</subfield>
    <subfield code="e">fot&#xF3;grafo</subfield>
    <subfield code="9">43269</subfield>
    <subfield code="4">fot.</subfield>
  </datafield>
  <datafield tag="700" ind1="1" ind2=" ">
    <subfield code="a">Garc&#xED;a Garabito, Greymi,</subfield>
    <subfield code="e">fot&#xF3;grafo</subfield>
    <subfield code="9">25131</subfield>
    <subfield code="4">fot.</subfield>
  </datafield>
  <datafield tag="942" ind1=" " ind2=" ">
    <subfield code="2">ddc</subfield>
    <subfield code="c">LBS1</subfield>
  </datafield>
  <datafield tag="952" ind1=" " ind2=" ">
    <subfield code="0">0</subfield>
    <subfield code="1">0</subfield>
    <subfield code="7">1</subfield>
    <subfield code="8">DS</subfield>
    <subfield code="a">GR</subfield>
    <subfield code="b">GR</subfield>
    <subfield code="c">HD</subfield>
    <subfield code="d">2020-03-06</subfield>
    <subfield code="i">LF1</subfield>
    <subfield code="l">0</subfield>
    <subfield code="o">xxxx G216a</subfield>
    <subfield code="p">20547-30</subfield>
    <subfield code="r">2020-06-25</subfield>
    <subfield code="t">e. 3</subfield>
    <subfield code="w">2020-06-25</subfield>
    <subfield code="y">LFDS</subfield>
    <subfield code="Z">No se presta</subfield>
  </datafield>
  <datafield tag="952" ind1=" " ind2=" ">
    <subfield code="0">0</subfield>
    <subfield code="1">0</subfield>
    <subfield code="2">ddc</subfield>
    <subfield code="7">1</subfield>
    <subfield code="8">PD</subfield>
    <subfield code="a">PD</subfield>
    <subfield code="b">PD</subfield>
    <subfield code="c">HD</subfield>
    <subfield code="d">2020-03-06</subfield>
    <subfield code="i">LF1</subfield>
    <subfield code="l">0</subfield>
    <subfield code="o">338.4971 G216a</subfield>
    <subfield code="p">20547-10</subfield>
    <subfield code="r">2020-06-25</subfield>
    <subfield code="w">2020-06-25</subfield>
    <subfield code="y">LFPD</subfield>
    <subfield code="Z">No se presta</subfield>
  </datafield>
  <datafield tag="952" ind1=" " ind2=" ">
    <subfield code="0">0</subfield>
    <subfield code="1">0</subfield>
    <subfield code="7">1</subfield>
    <subfield code="8">PD</subfield>
    <subfield code="a">PD</subfield>
    <subfield code="b">PD</subfield>
    <subfield code="c">HD</subfield>
    <subfield code="d">2020-03-06</subfield>
    <subfield code="i">LF1</subfield>
    <subfield code="l">0</subfield>
    <subfield code="o">xxxx G216a</subfield>
    <subfield code="p">20547-20</subfield>
    <subfield code="r">2020-06-25</subfield>
    <subfield code="t">e. 2</subfield>
    <subfield code="w">2020-06-25</subfield>
    <subfield code="y">LFPD</subfield>
    <subfield code="Z">No se presta</subfield>
  </datafield>
  <datafield tag="999" ind1=" " ind2=" ">
    <subfield code="c">20051</subfield>
    <subfield code="d">20051</subfield>
  </datafield>
</record>
